| 000 -LEADER |
| fixed length control field |
01523nam a2200289 a 4500 |
| 001 - CONTROL NUMBER |
| control field |
ASIN1594515891 |
| 005 - DATE AND TIME OF LATEST TRANSACTION |
| control field |
20170105102927.0 |
| 008 - FIXED-LENGTH DATA ELEMENTS--GENERAL INFORMATION |
| fixed length control field |
131212s2009 xxu eng d |
| 020 ## - INTERNATIONAL STANDARD BOOK NUMBER |
| International Standard Book Number |
1594515891 (paperback) |
| Terms of availability |
$34.95 |
| 020 ## - INTERNATIONAL STANDARD BOOK NUMBER |
| International Standard Book Number |
9781594515897 (paperback) |
| 040 ## - CATALOGING SOURCE |
| Original cataloging agency |
0 |
| 050 04 - LIBRARY OF CONGRESS CALL NUMBER |
| Classification number |
JC599.U5 |
| 082 04 - DEWEY DECIMAL CLASSIFICATION NUMBER |
| Classification number |
323.0973 |
| Author Mark |
LEA 2008 |
| 245 14 - TITLE STATEMENT |
| Title |
The leading rogue state : |
| Remainder of title |
the U.S. and human rights / |
| Statement of responsibility, etc. |
Judith Blau, David L. Brunsma, Alberto Moncada, Catherine Zimmer. |
| 260 ## - PUBLICATION, DISTRIBUTION, ETC. |
| Place of publication, distribution, etc. |
[S.l.] : |
| Name of publisher, distributor, etc. |
Paradigm Publishers, |
| Date of publication, distribution, etc. |
2009. |
| 300 ## - PHYSICAL DESCRIPTION |
| Extent |
264 p. ; |
| Dimensions |
23 cm. |
| 520 ## - SUMMARY, ETC. |
| Summary, etc. |
Most Americans would be surprised to learn that their government has declined to join most other nations in UN treaties addressing inadequate housing, poverty, children's rights, health care, racial discrimination, and migrant workers. Yet this book documents how the U.S. has, for decades, declined to ratify widely accepted treaties on these and many other basic human rights. Providing the first comprehensive topical survey, the contributors build a case and specific agendas for the nation to change course and join the world community as a protector of human rights. With Contributions by and on: |
| 650 #0 - SUBJECT ADDED ENTRY--TOPICAL TERM |
| Topical term or geographic name entry element |
Human rights |
| 650 #0 - SUBJECT ADDED ENTRY--TOPICAL TERM |
| Topical term or geographic name entry element |
International relations |
| 650 #0 - SUBJECT ADDED ENTRY--TOPICAL TERM |
| Topical term or geographic name entry element |
United States |
| 700 1# - ADDED ENTRY--PERSONAL NAME |
| Personal name |
Blau, Judith. |
| 700 1# - ADDED ENTRY--PERSONAL NAME |
| Personal name |
Brunsma, David L. |
| 700 1# - ADDED ENTRY--PERSONAL NAME |
| Personal name |
Moncada, Alberto. |
| 700 1# - ADDED ENTRY--PERSONAL NAME |
| Personal name |
Zimmer, Catherine. |
| 856 40 - ELECTRONIC LOCATION AND ACCESS |
| Materials specified |
Amazon.com |
| Uniform Resource Identifier |
<a href="http://www.amazon.com/exec/obidos/ASIN/1594515891/chopaconline-20">http://www.amazon.com/exec/obidos/ASIN/1594515891/chopaconline-20</a> |
| 942 ## - ADDED ENTRY ELEMENTS (KOHA) |
| Source of classification or shelving scheme |
|
| Koha item type |
Book |